The Columbia anthology of modern Japanese literature / (Record no. 592201)
[ view plain ]
| 000 -LEADER | |
|---|---|
| fixed length control field | 01220cam a22003134a 4500 |
| 001 - CONTROL NUMBER | |
| control field | 13689164 |
| 005 - DATE AND TIME OF LATEST TRANSACTION | |
| control field | 20221101111835.0 |
| 008 - FIXED-LENGTH DATA ELEMENTS--GENERAL INFORMATION | |
| fixed length control field | 040817m20059999nyu b 000 0 eng |
| 010 ## - LIBRARY OF CONGRESS CONTROL NUMBER | |
| LC control number | 2004056206 |
| 020 ## - INTERNATIONAL STANDARD BOOK NUMBER | |
| International Standard Book Number | 9780231138048 |
| 040 ## - CATALOGING SOURCE | |
| Original cataloging agency | DLC |
| Transcribing agency | DLC |
| Modifying agency | DLC |
| 041 1# - LANGUAGE CODE | |
| Language code of text/sound track or separate title | eng |
| Language code of original | jpn |
| 042 ## - AUTHENTICATION CODE | |
| Authentication code | pcc |
| 050 00 - LIBRARY OF CONGRESS CALL NUMBER | |
| Classification number | PL782.E1 |
| Item number | C55 2005 |
| 082 00 - DEWEY DECIMAL CLASSIFICATION NUMBER | |
| Classification number | 895.64408 |
| Author Mark | COL |
| 245 04 - TITLE STATEMENT | |
| Title | The Columbia anthology of modern Japanese literature / |
| Statement of responsibility, etc. | edited by J. Thomas Rimer and Van C. Gessel. |
| 246 30 - VARYING FORM OF TITLE | |
| Title proper/short title | Modern Japanese literature |
| 260 ## - PUBLICATION, DISTRIBUTION, ETC. | |
| Place of publication, distribution, etc. | New York, N.Y. : |
| Name of publisher, distributor, etc. | Columbia University Press, |
| Date of publication, distribution, etc. | c2007. |
| 300 ## - PHYSICAL DESCRIPTION | |
| Extent | 841 p. ; |
| Dimensions | 24 cm. |
| 440 #0 - SERIES STATEMENT/ADDED ENTRY--TITLE | |
| Title | Modern Asian literature |
| 9 (RLIN) | 102170 |
| 504 ## - BIBLIOGRAPHY, ETC. NOTE | |
| Bibliography, etc. note | Includes bibliographical references (v. 1, p. [837]-863). |
| 505 1# - FORMATTED CONTENTS NOTE | |
| Formatted contents note | v. 1. From restoration to occupation, 1868-1945 |
| 650 #0 - SUBJECT ADDED ENTRY--TOPICAL TERM | |
| Topical term or geographic name entry element | Japanese literature |
| Chronological subdivision | 1868- |
| Form subdivision | Translations into English. |
| 9 (RLIN) | 102171 |
| 700 1# - ADDED ENTRY--PERSONAL NAME | |
| Personal name | Rimer, J. Thomas. |
| 9 (RLIN) | 102172 |
| 700 1# - ADDED ENTRY--PERSONAL NAME | |
| Personal name | Gessel, Van C. |
| 9 (RLIN) | 102173 |
| 906 ## - LOCAL DATA ELEMENT F, LDF (RLIN) | |
| a | 7 |
| b | cbc |
| c | orignew |
| d | 1 |
| e | ocip |
| f | 20 |
| g | y-gencatlg |
| 942 ## - ADDED ENTRY ELEMENTS (KOHA) | |
| Source of classification or shelving scheme | |
| Koha item type | Book |
| Withdrawn status | Lost status | Source of classification or shelving scheme | Damaged status | Not for loan | Permanent Location | Current Location | Shelving location | Date acquired | Source of acquisition | Total Checkouts | Full call number | Barcode | Date last seen | Price effective from | Koha item type |
|---|---|---|---|---|---|---|---|---|---|---|---|---|---|---|---|
| Central Library (CL) | Central Library (CL) | Explore Japan | 11/01/2022 | Donated by Japan Embassy | 895.64408 COL | CL-D-2197 | 11/01/2022 | 11/01/2022 | Book |
